Peterpan (Record no. 15501)
[ view plain ]
| 000 -LEADER | |
|---|---|
| fixed length control field | 01853nam a22003257a 4500 |
| 003 - CONTROL NUMBER IDENTIFIER | |
| control field | dpl |
| 005 - DATE AND TIME OF LATEST TRANSACTION | |
| control field | 20080911114410.0 |
| 008 - FIXED-LENGTH DATA ELEMENTS--GENERAL INFORMATION | |
| fixed length control field | 080911t xxu||||| |||| 00| 0 eng d |
| 010 ## - LIBRARY OF CONGRESS CONTROL NUMBER | |
| LC control number | DVD-000408-409 DVD-000813 |
| 024 ## - OTHER STANDARD IDENTIFIER | |
| Source of number or code | A5195 |
| Terms of availability | 599.00 for set of 2 DVD |
| 035 ## - SYSTEM CONTROL NUMBER | |
| System control number | DVD-000408-409 DVD-000813 |
| 040 ## - CATALOGING SOURCE | |
| Original cataloging agency | DPL |
| Transcribing agency | DPL |
| 082 ## - DEWEY DECIMAL CLASSIFICATION NUMBER | |
| Classification number | DVD / PETE |
| 245 ## - TITLE STATEMENT | |
| Title | Peterpan |
| Statement of responsibility, etc | Walt Disney Pictures Presents |
| Medium | [videorecording] (DVD)/ |
| 250 ## - EDITION STATEMENT | |
| Edition statement | 2-Disc Platinum Edition |
| 260 ## - PUBLICATION, DISTRIBUTION, ETC. (IMPRINT) | |
| Place of publication, distribution, etc | Burbank, CA |
| Name of publisher, distributor, etc | Walt Disney Home Entertainment |
| 300 ## - PHYSICAL DESCRIPTION | |
| Extent | 2 videodiscs (77 min.): |
| Other physical details | sd., col.; |
| Dimensions | 4 3/4 in. |
| Type of unit | DVD |
| 500 ## - GENERAL NOTE | |
| General note | It will Live in Your Heart Forever |
| 500 ## - GENERAL NOTE | |
| General note | Sole Distributor in India M/s Excel Productions Audio Visuals Pvt. Ltd. |
| 500 ## - GENERAL NOTE | |
| General note | New Digital Resolution, New Games, In Walt's Words |
| 538 ## - SYSTEM DETAILS NOTE | |
| System details note | Dolby Digital 5.1-English, Thai Subtitles: English,Thai, Malay, Traditional Chienese, Bahasa, Hindi, Korean |
| 538 ## - SYSTEM DETAILS NOTE | |
| System details note | Aspect Ratio:1.33.1, Presentation Type: Full Frame, Presentation Size 4x3, Formation: DVD 9- Dual Layer Single sided Disc, |
| 650 ## - SUBJECT ADDED ENTRY--TOPICAL TERM | |
| Source of heading or term | Animated Movie |
| 700 ## - ADDED ENTRY--PERSONAL NAME | |
| Personal name | Crradine, Robert |
| 942 ## - ADDED ENTRY ELEMENTS (KOHA) | |
| Source of classification or shelving scheme | Dewey Decimal Classification |
| Koha item type | CD-ROMs, DVDs, VHS |
| Classification part | DVD |
| Call number suffix | PETE |
| Withdrawn status | Lost status | Source of classification or shelving scheme | Damaged status | Not for loan | Home library | Current library | Date acquired | Source of acquisition | Cost, normal purchase price | Total Checkouts | Full call number | Barcode | Date last seen | Date checked out | Copy number | Cost, replacement price | Price effective from | Koha item type |
|---|---|---|---|---|---|---|---|---|---|---|---|---|---|---|---|---|---|---|
| Dewey Decimal Classification | Central Library | Central Library | 17/09/2008 | Purchase | 599.00 | 11 | DVD PETE | DVD-000408 | 22/03/2014 | 14/03/2014 | 1 | 599.00 | 17/09/2008 | CD-ROMs, DVDs, VHS | ||||
| Dewey Decimal Classification | Patel Nagar | Patel Nagar | 01/10/2008 | Purchase | 599.00 | 21 | DVD PETE | DVD-000813 | 02/06/2011 | 24/05/2011 | 1 | 599.00 | 01/10/2008 | CD-ROMs, DVDs, VHS | ||||
| Dewey Decimal Classification | Sarojini Nagar | Sarojini Nagar | 17/09/2008 | Purchase | 599.00 | 6 | DVD PETE | DVD-000409 | 23/08/2012 | 26/05/2011 | 1 | 599.00 | 17/09/2008 | CD-ROMs, DVDs, VHS |
